Les plus gros partenaires commerciaux - Corée du Nord - Statistiques

Statistiques générales
  • Ce quiz a été pris 389 fois
  • Le résultat moyen est 12 sur 26
Statistiques - réponses
exportations importations pays % Correct
2507 mil 2952 mil Chine
99%
78.3 mil Russie
97%
4.75 mil Etats-Unis
86%
99.0 mil 111 mil Inde
82%
15.6 mil Brésil
66%
29.9 mil Taïwan
64%
45.7 mil Pakistan
63%
73.8 mil Thaïlande
63%
4.72 mil Malaisie
59%
14.2 mil 45.7 mil Mexique
59%
8.17 mil Allemagne
57%
25.6 mil 6.69 mil Arabie Saoudite
57%
28.4 mil Singapour
57%
10.9 mil 53.2 mil Philippines
56%
14.7 mil 4.66 mil Turquie
55%
23.9 mil Chili
38%
21.2 mil Pérou
34%
33.7 mil Ukraine
34%
5.17 mil Suisse
29%
16.8 mil Paraguay
12%
43.6 mil Angola
10%
10.6 mil Mozambique
8%
13.9 mil Zambie
3%
35.7 mil Burkina Faso
2%
7.82 mil Sénégal
2%
11.7 mil Bénin
1%
Aucun quiz correspondant
Distribution des résultats
% des personnes avec chaque résultat
Percentile par nombre de réponses
Votre historique - résultats
Vous n’avez pas pris ce quiz